00341nam a2200109Ia 4500008004100000082001600041100002700057245003000084942000600114952009800120999001300218240331s9999 xx 000 0 und d a300.72bDHA aGatare Dhammapala Himi 0aParyeshana kramabviddyawa cL 001040708LaWERCLbWERCLcSSCd2024-03-31l0o 300.72 DHAp5356r2024-03-31w2024-03-31yL c992d992